| 000 | 00562nam a2200193Ia 4500 | ||
|---|---|---|---|
| 999 |
_c43004 _d43004 |
||
| 003 | GCL | ||
| 005 | 20240530103844.0 | ||
| 008 | 140319s9999 xx 000 0 ara d | ||
| 040 |
_aGCL / _cGCL |
||
| 082 | 0 | 4 |
_a953.07/ _bف م _221 |
| 245 | 1 | 0 | _aالمسيحيون واليهود فى التاريخ الاسلامى العربى والتركى |
| 300 | _a315 ص | ||
| 490 |
_aكتاب _v0 |
||
| 650 | 0 | 4 | _aالمسيحيون |
| 650 | 0 | 4 | _aاليهود |
| 650 | 0 | 4 | _aالدولة الاسلامية |
| 650 | 0 | 4 | _aالدولة التركية |
| 942 |
_2ddc _cBK |
||